1609 1037 1996 1392 1211 1770 1873 1897 1129 1687 1657 1160 1970 1930 1203 1384 1668 1119 1456 1661 1127 1193 1000 1789 1079 1098 1344 1581 1314 1253 1041 1330 1059 1372 1961 1182 1464 1087 1465 1594 1352 1280 1952 1009 1373 1783 1900 1123 1562 1474 1529 1610 1032 1456 1572 1041 1744 1620 1184 1962 1892 1971 1858 1751 1590 1942 1882 1111 1247 1411 1618 1744 1775 1056 1994 1516 1762 1677 1582 1038 1653 1290 1531 1449 1970 1598 1313 1949 1706 1047 1023 1584 1051 1404 1689 1805 1422 1877 1496 BCNSPRNW ULIB Ver.6.0+V

เปลี่ยนเป็นภาษาไทย

Change to English
 แสดงรายละเอียดบรรณานุกรม
  กลับหน้าหลัก

Brief Record : Get Marc (ISO 2709) : E-mail record : QR code < ปิดหน้าต่าง
LEADER : 00000nam 2200000uu 4500
001    13399114525
003     ULIB
008    120411s2539||||th 000 0 tha d
020    ^a9747768135
060 04 ^aWA440^bศ415ส 2539
110 2  ^aกรมควบคุมโรคติดต่อ. ^bศูนย์ประสานงานทางวิชาการโรคติดต่อ
245 00 ^aสถานการณ์ ผลการดำเนินงานป้องกัน และควบคุมโรคติดต่อปัญหาอุปสรรคและแนวทางแก้ไข ปี 2539 /^cศูนย์ประสานงานทางวิชาการโรคติดต่อ กรมควบคุมโรคติดต่อ ; ผู้จัดทำ, สุปราณี โมฬีชาติ, อัญญา นิมิหุต
260    ^a[นนทบุรี] :^bกรมควบคุมโรคติดต่อ,^c2539
300    ^a เล่ม :^bภาพประกอบ ;^c30 ซม.
650  7 ^aโรคติดต่อ, การควบคุม
700 0  ^aสุปราณี โมฬีชาติ
700 0  ^aอัญญา นิมิหุต
945    ^p0^l0^i5136
995    ^aกัณชพร
999 ^a ใช้งานได้ทุกระบบ
รายการนี้ยังไม่มีแท็ก
คุณยังไม่ได้ล็อกอิน คุณสามารถมีกิจกรรมร่วมกับเว็บไซต์ได้ แต่ต้องล็อกอินก่อน ::
  ล็อกอิน

รายการสื่อสารสนเทศ

ลำดับที่ ประเภท เลขเรียก/บาร์โค้ด สถานที่ สถานะ
- ไม่พบข้อมูล -

รายการใกล้เคียง
    หัวเรื่อง [โรคติดต่อ, การควบคุม]

BibComment


ยังไม่เคยถูกคอมเมนท์

คอมเมนท์ทรัพยากรรายการนี้
  คอมเมนท์: สถานการณ์ ผลการ..


 Copyright 2026. Bcnsprnw @Library